000
00359nam a22001577a 4500
003
MPLRDC
005
20220104144258.0
008
210129b ||||| |||| 00| 0 eng d
082
_a
947.413 CKKZ v.4
100
_a
出口龟正著
245
_a
除魔守护神; 4
_c
260
_a
_b
天下
_c
300
_b
平
650
_a
942
_c
BK
_o
947.413 CKKZ v.4
999
_c
48066
_d
48056